Job openings and labor turnover before and during the COVID-19 pandemic /

Bibliographic Details
Main Authors: Romero, Paul D. (Author), Nicchitta, Isaac A. (Author), Donovan, Sarah A. (Author)
Format: Government Document Database
Language:English
Published: [Washington, D.C.] : Congressional Research Service, 2022-
Edition:[Library of Congress public edition].
Series:CRS report ; R47047.
Subjects:
Online Access:https://purl.fdlp.gov/GPO/gpo183914

MARC

Tag First Indicator Second Indicator Subfields
LEADER 00000nai a2200000 i 4500
001 in00004591014
006 m o d f
007 cr |||||||||||
008 220701c20229999dcu x w obb f0 2eng c
005 20220812190954.9
010 |a 2022235364 
035 |a (OCoLC)on1334009939 
040 |a GPO  |b eng  |e rda  |e pn  |c GPO  |d MvI 
043 |a n-us--- 
049 |a WWW 
074 |a 0807-A-07 (online) 
086 0 |a LC 14.23:R 47047/ 
100 1 |a Romero, Paul D.,  |e author. 
245 1 0 |a Job openings and labor turnover before and during the COVID-19 pandemic /  |c Paul D. Romero, Isaac A. Nicchitta, Sarah A. Donovan. 
250 |a [Library of Congress public edition]. 
264 1 |a [Washington, D.C.] :  |b Congressional Research Service,  |c 2022- 
300 |a 1 online resource. 
310 |a Updated irregularly 
336 |a text  |b txt  |2 rdacontent 
337 |a computer  |b c  |2 rdamedia 
338 |a online resource  |b cr  |2 rdacarrier 
490 1 |a Report / Congressional Research Service ;  |v R47047 
500 |a The CRS web page provides access to all versions published since 2018 in accordance with P.L. 115-141. 
500 |a Report includes color illustrations. 
500 |a GPO Cataloging Record Distribution Program (CRDP). 
504 |a Report includes bibliographical references. 
588 0 |a Contents viewed on July 1, 2022; title from CRS web page. 
650 0 |a COVID-19 (Disease) 
650 0 |a Labor turnover  |z United States. 
650 0 |a Job vacancies  |z United States. 
700 1 |a Nicchitta, Isaac A.,  |e author. 
700 1 |a Donovan, Sarah A.,  |e author. 
710 2 |a Library of Congress.  |b Congressional Research Service,  |e issuing body. 
773 0 8 |i Contained in (work):  |t CRS reports (Library of Congress. Congressional Research Service)  |w (DLC) 2018231131  |w (OCoLC)1052784408 
830 0 |a CRS report ;  |v R47047. 
856 4 0 |u https://purl.fdlp.gov/GPO/gpo183914  |t 0 
999 f f |s 93cfe37d-2bf2-4ac1-9005-672c0056c7e4  |i 93cfe37d-2bf2-4ac1-9005-672c0056c7e4  |t 0 
952 f f |a Texas A&M University  |b College Station  |c Electronic Resources  |d Available Online  |t 0  |e LC 14.23:R 47047/  |h Superintendent of Documents classification 
998 f f |a LC 14.23:R 47047/  |t 0  |l Available Online